000 00641nam a2200289Ia 4500
005 20260324150759.0
008 008 260324s9999 xx 000 0 eng d
020 _a9780429029202
037 _aEBOOK
040 _aCRL
040 _beng
040 _cCRL
041 _2eng
041 _aeng
084 _qCRL
100 _aRuth Nanda Anshen
_91227579
245 0 _aFreedom
245 0 _bIts Meaning
260 _bTaylor and Francis
260 _c1940
365 _a
365 _b180
856 _uhttp://www.taylorfrancis.com/books/9780429029202
942 _cEBOOK
999 _c1837658
_d1837658